Wyraz, który oznacza zarówno nazwę Polskiego Miasta, jak i przedmiotu. - Statystyki

Ogólne statystyki
  • Ten quiz został rozwiązany 37 razy
  • Średni wynik to 2 z 7
Statystyki odpowiedzi
Odpowiedź % Poprawnych
Łódź
75%
Koło
53%
Piła
50%
Chełm
39%
Oborniki
3%
Żywiec
3%
Zimna wódka
0%
Nie znaleziono quizów pasujących do podanych kryteriów
Rozkład punktacji
Procent ludzi z każdym wynikiem
Percentyl według liczby udzielonych odpowiedzi
Twoja historia wyników
Nie rozwiązałeś tego quizu